Glazing practice (Record no. 17795)
[ view plain ]
| 000 -LEADER | |
|---|---|
| fixed length control field | 00351nam a2200097Ia 4500 |
| 008 - FIXED-LENGTH DATA ELEMENTS--GENERAL INFORMATION | |
| fixed length control field | 180412s9999||||xx |||||||||||||| ||und|| |
| 040 ## - CATALOGING SOURCE | |
| Original cataloging agency | Ahmadu Bello University Library - Zaria |
| 100 ## - MAIN ENTRY--PERSONAL NAME | |
| Personal name | Shepelev, A. |
| 245 #0 - TITLE STATEMENT | |
| Title | Glazing practice |
| Statement of responsibility, etc. | A. Shepelev; translated from the Russian by Alexander Kuznetsov |
| 260 ## - PUBLICATION, DISTRIBUTION, ETC. | |
| Name of publisher, distributor, etc. | MIR Publishers; Moscow |
| Date of publication, distribution, etc. | 1987 |
| 300 ## - PHYSICAL DESCRIPTION | |
| Extent | 134p.: ill., diagr., table. |
No items available.